| 000 | 00621cam a2200217 4500 | ||
|---|---|---|---|
| 001 | B901 | ||
| 008 | 090401t1986 xxu||||| |||| 00| 0 eng d | ||
| 035 | _a(Sirsi) u38617 | ||
| 041 | _aeng | ||
| 050 | _a692.8 | ||
| 110 |
_aJoint Contracts Tribunal _93664 |
||
| 245 | _aJCT Standard forms of nominated sub-contract (NSC/4 and NSC/4a) 1980 edition : amendment 3 : insurance and related liability provisions | ||
| 260 |
_aLondon _bBEC Publications 1986 _c1986 |
||
| 300 | _a9p. ; 30cm. | ||
| 350 | _a0 | ||
| 650 |
_aInsurance _96249 |
||
| 650 | _aJCT | ||
| 650 | _aSUBCONTRACTS | ||
| 942 | _n0 | ||
| 948 | _c04/03/1997 | ||
| 999 |
_c90670 _d90670 |
||